| 000 | 00412nam a22001697a 4500 | ||
|---|---|---|---|
| 003 | OSt | ||
| 008 | 250818b |||||||| |||| 00| 0 eng d | ||
| 020 | _a9781563678745 | ||
| 082 | _a746.92 HAF | ||
| 100 | _aHAMEIDE, Kaled K. | ||
| 245 | _aFashion Branding Unraveled | ||
| 250 | _a1st. ed. | ||
| 260 |
_aNew York, _bBloomsbury Publishing, _c2011, |
||
| 300 | _a290 p. | ||
| 650 | _aB. FAD. | ||
| 942 |
_2ddc _cREF |
||
| 999 |
_c13709 _d13709 |
||